000 00569nam a2200205Ia 4500
005 20250923145008.0
008 008 250917s9999 xx 000 0 eng d
037 _aTextual
040 _aDSWL
_beng
_cDSWL
041 _aeng
_2eng
084 _aY1434.1.N6, K5
_qDSWL
100 _aHearst, Stephen
_9830676
245 0 _a2000 Million Poor
_cby Stephen Hearst
260 _aLondon
_bGeorge G. Harrap & Co
_c1965
300 _a176 p.
365 _aINR
_b18
925 _g18
942 _cTEXL
_hY1434.1.N6, K5
999 _c1445823
_d1445823